000 00316nam a2200121Ia 4500
008 190216s9999||||xx |||||||||||||| ||und||
100 _aAyyappa Panicker K
245 0 _aAyyappappanikarute Krithikal 1969-81 Vol 2
260 _bD C Books Kerala
_c1982
300 _a222p
650 _aMalayalam Kavitha
942 _cBK
999 _c25969
_d25969